000 00795nam a22002537a 4500
003 DO-SdBNP
005 20240530073925.0
007 ta
008 211005b 2019 dr 00| 0 eng d
020 _a9789945161229
040 _aDO-SdBNP
_bspa
_cBNPHU
082 4 _aBNPHU RD863.44
_bM433c, 2019
100 1 _aMatos Moquete, Manuel,
_d1944-
_96349
245 1 3 _aEl coloso y el mar :
_ben busca de expresiones humanas /
_cManuel Matos Moquete.
250 _a3a ed.
260 _aSanto Domingo :
_bPublicaciones Matos Moquete,
_c2019.
300 _a163 p. ;
_c22 cm.
500 _aIncluye datos biográficos del autor en la contracubierta
590 _aInventariado, 2020/MAA
650 1 0 _aNovela dominicana
_9223
650 1 0 _aLiteratura dominicana.
_967
910 _aBtavárez
942 _2ddc
_cLBS1
999 _c50698
_d50698